000 00812cam a22002773a 4500
001 26380
003 PGUSA
005 20140828083552.0
008 080821s2008||||xxu|||||s|||||000 | eng d
040 _aPGUSA
_beng
042 _adc
050 4 _aF850.5
100 1 _aWhite, Trumbull,
_d1868-1941
245 1 0 _aComplete Story of the San Francisco Horror
_h[electronic resource] /
_cTrumbull White
260 _bProject Gutenberg,
_c2008
506 _aPublic domain in the USA.
516 _aElectronic text
653 _aDisasters
653 _aVolcanoes
653 _aSan Francisco Earthquake and Fire, Calif., 1906
653 _aVesuvius (Italy) -- Eruption, 1906
653 _aEarthquakes
830 0 _aProject Gutenberg
_v26380
856 4 0 _uhttp://www.gutenberg.org/ebooks/26380
942 _cEB
999 _c255635
_d255635